000 00290nam a22001217a 4500
008 170529b xxu||||| |||| 00| 0 eng d
041 _aGER
080 _a62
100 _a25
101 _aIM
245 _aDIE ZUSTANDSRAUM METHODE IN DER REGELUNGSTECHNIK
_cCSAKI.F
942 _2udc
_cBK
999 _c14786
_d14786